Relaciones económicas entre los centros industrializados y la periferia latinoamericana

Đã lưu trong:
Chi tiết về thư mục
Tác giả của công ty: CEPAL
Định dạng: Texto
Được phát hành: s.l.: CEPAL
Các nhãn: Thêm thẻ
Không có thẻ, Là người đầu tiên thẻ bản ghi này!

MARC

LEADER 00000 a a2200000 04500
001 25078
003
040
090 |a 179800  
110 |a CEPAL  
245 |a Relaciones económicas entre los centros industrializados y la periferia latinoamericana  
260 |a s.l.:   |b CEPAL  
300 |a 54 p.  
999 |c 14897  |d 14897